Antécédents hongrois des romans d'Élémir Bourges

Elmentve itt :
Bibliográfiai részletek
Szerző: Schwab Raymond
Dokumentumtípus: Cikk
Megjelent: 1937
Sorozat:Études hongroises 14-15
Kulcsszavak:Bourges Élémir, Batthyány Lajos, Ibsen Henrik, Irodalomtudomány
Online Access:http://acta.bibl.u-szeged.hu/25476
LEADER 00665nab a2200181 i 4500
001 acta25476
005 20210622150532.0
008 161017s1937 hu o 0|| fre d
022 |a 1166-9675 
040 |a SZTE Egyetemi Kiadványok Repozitórium  |b hun 
041 |a fre 
100 1 |a Schwab Raymond 
245 1 0 |a Antécédents hongrois des romans d'Élémir Bourges  |h [elektronikus dokumentum] /  |c  Schwab Raymond 
260 |c 1937 
300 |a 51-70 
490 0 |a Études hongroises  |v 14-15 
695 |a Bourges Élémir, Batthyány Lajos, Ibsen Henrik, Irodalomtudomány 
856 4 0 |u http://acta.bibl.u-szeged.hu/25476/1/etudes_hongroises_014_015_051-070.pdf  |z Dokumentum-elérés